Rihanna Charting Songs (Billboard Hot 100) - Statistics

General Stats
  • This quiz has been taken 461 times
    80 since last reset
  • The average score is 32 of 64
Answer Stats
Album Weeks On Peak Artist(s) Song % Correct
Good Girl Gone Bad 34 Weeks #1 (7 Weeks) Rihanna ft. JAY-Z Umbrella
95%
Recovery 29 Weeks #1 (7 Weeks) Eminem ft. Rihanna Love the Way You Lie
90%
Talk That Talk 42 Weeks #1 (10 Weeks) Rihanna ft. Calvin Harris We Found Love
90%
Unapologetic 27 Weeks #1 (2 Weeks) Rihanna Diamonds
87%
Anti 36 Weeks #1 (9 Weeks) Rihanna ft. Drake Work
87%
Music of the Sun 27 Weeks #2 Rihanna Pon de Replay
80%
The Marshall Mathers LP 2 29 Weeks #1 (4 Weeks) Eminem ft. Rihanna The Monster
80%
Loud 27 Weeks #1 (1 Week) Rihanna Only Girl (In The World)
78%
Loud 26 Weeks #1 (1 Week) Rihanna ft. Britney Spears S&M
77%
Unapologetic 32 Weeks #3 Rihanna ft. Mikky Ekko Stay
75%
A Girl Like Me 28 Weeks #1 (3 Weeks) Rihanna SOS
73%
Loud 22 Weeks #1 (1 Week) Rihanna ft. Drake What's My Name?
72%
Good Girl Gone Bad 30 Weeks #3 Rihanna Don't Stop the Music
70%
Non-Album Single 20 Weeks #4 Rihanna & Kanye West & Paul McCartney FourFiveSeconds
70%
Anti 31 Weeks #5 Rihanna Love on the Brain
70%
Rated R 22 Weeks #1 (5 Weeks) Rihanna Rude Boy
70%
Non-Album Single 32 Weeks #3 Calvin Harris ft. Rihanna This is What You Came For
70%
Good Girl Gone Bad: Reloaded 37 Weeks #1 (2 Weeks) Rihanna Disturbia
65%
Non-Album Single 23 Weeks #15 Rihanna Bitch Better Have My Money
62%
Shakira 19 Weeks #15 Shakira ft. Rihanna Can't Remember to Forget You
60%
Good Girl Gone Bad 20 Weeks #15 Rihanna Shut Up and Drive
60%
Loud 14 Weeks #59 Rihanna Man Down
58%
Talk That Talk 26 Weeks #5 Rihanna Where Have You Been
58%
Talk That Talk 20 Weeks #31 Rihanna ft. JAY-Z Talk That Talk
55%
Grateful 21 Weeks #2 DJ Khaled ft. Rihanna & Bryson Tiller Wild Thoughts
55%
Good Girl Gone Bad: Reloaded 27 Weeks #1 (1 Week) Rihanna Take a Bow
53%
Take Care 34 Weeks #7 Drake ft. Rihanna Take Care
53%
Anti 45 Weeks #7 Rihanna Needed Me
52%
Mylo Xyloto 12 Weeks #20 Coldplay ft. Rihanna Princess of China
52%
The Blueprint 3 23 Weeks #2 JAY-Z, Rihanna & Kanye West Run This Town
52%
Good Girl Gone Bad 8 Weeks #82 Rihanna Breakin' Dishes
50%
Paper Trail 28 Weeks #1 (6 Weeks) T.I. ft. Rihanna Live Your Life
50%
Unapologetic 20 Weeks #19 Rihanna Pour It Up
50%
Rated R 14 Weeks #9 Rihanna Russian Roulette
48%
Loud 14 Weeks #37 Rihanna California King Bed
47%
A Girl Like Me 20 Weeks #6 Rihanna Unfaithful
47%
Black Panther: Wakanda Forever – Music From and Inspired By 20 Weeks #2 Rihanna Lift Me Up
45%
Good Girl Gone Bad 26 Weeks #7 Rihanna ft. Ne-Yo Hate That I Love You
43%
No-One Ever Really Dies 22 Weeks #36 N*E*R*D ft. Rihanna Lemon
43%
Talk That Talk 20 Weeks #14 Rihanna You da One
43%
DAMN. 26 Weeks #14 Kendrick Lamar ft Rihanna LOYALTY.
42%
Views 29 Weeks #14 Drake ft. Rihanna Too Good
42%
Anti 12 Weeks #62 Rihanna Kiss It Better
40%
Unapologetic 20 Weeks #55 Rihanna ft. Future Loveeeeeee Song
38%
Loud 18 Weeks #7 Rihanna Cheers (Drink to That)
37%
Pink Friday 20 Weeks #19 Nicki Minaj ft. Rihanna Fly
37%
Anti (Deluxe Edition) 15 Weeks #83 Rihanna Sex With Me
37%
Rated R 20 Weeks #8 Rihanna ft. Jeezy Hard
35%
Good Girl Gone Bad 17 Weeks #18 Rihanna Rehab
35%
One Love 9 Weeks #51 David Guetta ft. Rihanna Who's That Chick?
32%
The Gifted 26 Weeks #21 Wale ft. Tiara Thomas or Rihanna Bad
30%
Talk That Talk 20 Weeks #24 Rihanna ft. Chris Brown Birthday Cake
30%
Partymobile 15 Weeks #23 PARTYNEXTDOOR ft. Rihanna BELIEVE IT
27%
Unapologetic 9 Weeks #50 Rihanna ft. David Guetta Right Now
27%
Music of the Sun 20 Weeks #36 Rihanna If It's Lovin' That You Want
25%
Unapologetic 8 Weeks #25 Rihanna What Now
25%
Non-Album Single 4 Weeks #78 Rihanna American Oxygen
23%
A Girl Like Me 20 Weeks #9 Rihanna & Sean Paul Break It Off
23%
Rated R 5 Weeks #64 Rihanna ft. Slash Rockstar 101
22%
It Won't Be Soon Before Long 20 Weeks #51 Maroon 5 ft. Rihanna If I Never See Your Face Again
20%
Ransom 2 1 Week #75 Mike WiLL Made-It x Rihanna Nothing is Promised
10%
Hndrxx 10 Weeks #37 Future ft. Rihanna Selfish
8%
Hope for Haiti Now 2 Weeks #16 JAY-Z, Bono, The Edge & Rihanna Stranded (Haiti Mon Amour)
8%
Non-Album Single 1 Week #81 Rihanna Redemption Song
5%
No matching quizzes found
Score Distribution
Percent of People with Each Score
Percentile by Number Answered
Your Score History
You have not taken this quiz since the last reset